000
00249nam a2200097Ia 4500
008
220216s9999 xx 000 0 und d
245
0
_a
E-vyapaaram mahachryam karshakanu kittanan panam
260
_b
Karshakasree
_c
2020
300
_a
74-75
942
_c
JS
999
_c
59068
_d
59068